I'm OK-You're OK (Record no. 62214)

000 -LEADER
fixed length control field 00688nam a22002177a 4500
003 - CONTROL NUMBER IDENTIFIER
control field NUST-PNEC
005 - DATE AND TIME OF LATEST TRANSACTION
control field 20170116180742.0
008 - FIXED-LENGTH DATA ELEMENTS--GENERAL INFORMATION
fixed length control field 141223b xxu||||| |||| 00| 0 eng d
020 ## - INTERNATIONAL STANDARD BOOK NUMBER
International Standard Book Number 038000772X
020 ## - INTERNATIONAL STANDARD BOOK NUMBER
International Standard Book Number 9780380007721
040 ## - CATALOGING SOURCE
Transcribing agency PNEC
082 ## - DEWEY DECIMAL CLASSIFICATION NUMBER
Classification number 616.8914 HAR
100 ## - MAIN ENTRY--PERSONAL NAME
9 (RLIN) 1141
Personal name Harris. M. D Thomas A
245 ## - TITLE STATEMENT
Title I'm OK-You're OK
Statement of responsibility, etc. Thomas A Harrris, M. D
260 ## - PUBLICATION, DISTRIBUTION, ETC.
Place of publication, distribution, etc. New york
Name of publisher, distributor, etc. Avon Publishers
Date of publication, distribution, etc. c.1968
300 ## - PHYSICAL DESCRIPTION
Extent 317 p. :
Other physical details ill. ;
Dimensions 18 cm.
500 ## - GENERAL NOTE
General note Includes index.
650 ## - SUBJECT ADDED ENTRY--TOPICAL TERM
General subdivision General
856 ## - ELECTRONIC LOCATION AND ACCESS
Uniform Resource Identifier <a href="http://www.amazon.com/Im-OK-Youre-OK-Thomas-Harris/dp/038000772X/ref=sr_1_1?s=books&ie=UTF8&qid=1419317874&sr=1-1&keywords=038000772X">http://www.amazon.com/Im-OK-Youre-OK-Thomas-Harris/dp/038000772X/ref=sr_1_1?s=books&ie=UTF8&qid=1419317874&sr=1-1&keywords=038000772X</a>
942 ## - ADDED ENTRY ELEMENTS (KOHA)
Source of classification or shelving scheme
Koha item type Book
Holdings
Withdrawn status Lost status Source of classification or shelving scheme Damaged status Not for loan Permanent Location Current Location Shelving location Date acquired Source of acquisition Cost, normal purchase price Total Checkouts Full call number Barcode Date last seen Cost, replacement price Price effective from Koha item type
          Pakistan Navy Engineering College (PNEC) Pakistan Navy Engineering College (PNEC)   05/08/2000 Library Grant 75.00   616.8914 HAR PNECLIB-022016 12/23/2014 75.00 05/08/2000 Book
© 2023 Central Library, National University of Sciences and Technology. All Rights Reserved.